00484 2200193 4500001002100000005001500021008004100036020002200077035001900099041000700118082001000125090001600135100002300151245002900174260003500203300003100238500001100269650001000280INLIS00000000000421520241224112853241224||||||||| | ||| |||| || |  a978-602-9329-53-7 0010-1224004215 aid0 a741.5 a741.5 GAL h0 aGalang Tirtakusuma00aKomik Hutan Pakar Vol. 2 aBandungbMuffin Graphicsc2013 a19x13 cm, 120 hlm.; ilus.: aCet. 1 0aKomik